00241nam a2200097Ia 4500008004100000100001700041245001700058260003300075300000900108650002600117190216s9999||||xx |||||||||||||| ||und|| aGeorge Eliot 0aSilas Marner bUniversity Of Calicutc1992 a140p aEnglish Short Stories